Statistics for Guess the city!!!

Click here to take the quiz!

General Stats

  • This quiz has been taken 24 times
  • The average score is 8 of 15

Answer Stats

Answer% Correct
New York City
100%
Cairo
94%
London
94%
Paris
94%
Dubai
89%
Sydney
89%
Beijing
67%
Istanbul
61%
Shanghai
56%
Mumbai
28%
Nuuk
17%
Kinshasa
11%
Lagos
6%
San Diego
6%
Sao Paulo
6%

Score Distribution

Percentile by Number Answered

Percent of People with Each Score

Your Score History

You have not taken this quiz